Principles of environmental sampling / (Record no. 11)

000 -LEADER
fixed length control field 01156cam a2200301 a 4500
001 - CONTROL NUMBER
control field 3523487
003 - CONTROL NUMBER IDENTIFIER
control field Nust
005 - DATE AND TIME OF LATEST TRANSACTION
control field 20171117111952.0
008 - FIXED-LENGTH DATA ELEMENTS--GENERAL INFORMATION
fixed length control field 960606s1996 dcua b 001 0 eng
010 ## - LIBRARY OF CONGRESS CONTROL NUMBER
LC control number 96009386
020 ## - INTERNATIONAL STANDARD BOOK NUMBER
International Standard Book Number 0841231524
040 ## - CATALOGING SOURCE
Original cataloging agency DLC
Transcribing agency DLC
Modifying agency DLC
050 00 - LIBRARY OF CONGRESS CALL NUMBER
Classification number GE45.S25
Item number P75 1996
082 00 - DEWEY DECIMAL CLASSIFICATION NUMBER
Classification number 628.50287 PRI
Edition number 20
245 00 - TITLE STATEMENT
Title Principles of environmental sampling /
Statement of responsibility, etc. Editor., Lawrence H. Keith,
250 ## - EDITION STATEMENT
Edition statement 2nd ed.
260 ## - PUBLICATION, DISTRIBUTION, ETC.
Place of publication, distribution, etc. Washington, DC :
Name of publisher, distributor, etc. American Chemical Society,
Date of publication, distribution, etc. c1996.
300 ## - PHYSICAL DESCRIPTION
Extent xxix, 848 p. :
Other physical details ill. ;
Dimensions 24 cm.
440 #0 - SERIES STATEMENT/ADDED ENTRY--TITLE
Title ACS professional reference book
9 (RLIN) 6500
500 ## - GENERAL NOTE
General note H.B
504 ## - BIBLIOGRAPHY, ETC. NOTE
Bibliography, etc. note Includes bibliographical references and indexes.
650 #0 - SUBJECT ADDED ENTRY--TOPICAL TERM
Topical term or geographic name entry element Environmental sampling.
9 (RLIN) 6501
700 1# - ADDED ENTRY--PERSONAL NAME
Personal name Keith, Lawrence H.,
Dates associated with a name 1938-
9 (RLIN) 6502
856 42 - ELECTRONIC LOCATION AND ACCESS
Materials specified Publisher description
Uniform Resource Identifier <a href="http://www.loc.gov/catdir/enhancements/fy0605/96009386-d.html">http://www.loc.gov/catdir/enhancements/fy0605/96009386-d.html</a>
856 41 - ELECTRONIC LOCATION AND ACCESS
Materials specified Table of contents only
Uniform Resource Identifier <a href="http://www.loc.gov/catdir/enhancements/fy0605/96009386-t.html">http://www.loc.gov/catdir/enhancements/fy0605/96009386-t.html</a>
906 ## - LOCAL DATA ELEMENT F, LDF (RLIN)
a 7
b cbc
c orignew
d 1
e ocip
f 19
g y-gencatlg
942 ## - ADDED ENTRY ELEMENTS (KOHA)
Source of classification or shelving scheme
Koha item type Book
Call number prefix IESE
Holdings
Withdrawn status Lost status Source of classification or shelving scheme Damaged status Not for loan Collection code Permanent Location Current Location Shelving location Date acquired Total Checkouts Full call number Barcode Date last seen Price effective from Koha item type
            Institute of Environmental Science and Engineering (IESE) Institute of Environmental Science and Engineering (IESE) General Stacks 11/30/2016   628.5/0287 IESE-71 11/30/2016 11/30/2016 Book
© 2023 Central Library, National University of Sciences and Technology. All Rights Reserved.